000 00373nam a2200169Ia 4500
008 231221s9999 xx 000 0 und d
041 _aEnglish
082 _a001.6424C ECK;
100 _aEckel, Bruce
245 0 _aThinking in C++
250 _a2nd ed.
260 _c2000
_bPearson
_aNew Delhi
300 _a814
300 _c37811
650 _aC++
942 _cCD
999 _c203279
_d203279